000 01040nam a2200313Ia 4500
003 OSt
005 20221007123601.0
006 a|||||r|||| 00| 0
007 ta
008 221006b |||||||| |||| 00| 0 eng d
020 _a3540241752 (hbd)
_cRs.3593.40
024 _a64175
037 _b112, 01/09/2006, Ashutosh Technical Books
_cTextual
040 _aPAPL
_cPAPL
_beng
041 _2eng
_aeng
082 _aB9:(C7), P5 Carpa
100 _aWielebinski Richard Ed.
_9717451
245 0 _aCosmic magnetic fields
_b Beck Rainer Ed.
260 _aBerlin
_bSpringer-Verlag
_c2005
300 _axiv, 279p.
_ccm.
490 _aLecture notes in physics; 664
500 _aIncludes bibliographical references.
650 _a Astronomy
650 _a Magnetic fields
_9717452
650 _aPhysics
700 _a Beck Rainer Ed.
_9715561
942 _hB9:(C7), P5 Carpa
_cTEXL
_2CC
999 _c1212147
_d1212147